• 首页
  • 本馆介绍
  • 公告通知
  • 最新文献
  • 馆藏检索
  • 电子资源
  • 读者导购
  • 参考咨询
  • 我的图书馆
  • 登录
  • 详细信息显示
  • 放入我的书架
  • 预约/预借图书
  • 作者相关作品
  • 分类相关作品
  • 丛书相关作品
  • 出版社相关作品

书目信息

  • 表格格式
  • 工作单格式
  • 卡片格式
题名:
实用计量单位简编
    
 
作者: 鲍建成 , 赵燕 编
分册:  
出版信息: 北京   科学出版社  1999.8
页数: 78页
开本: 32开
丛书名:
单 册:
中图分类: TB91
科图分类:
主题词: 计量单位 , 单位制
电子资源:
ISBN: 7-03-007224-3
000 00603nam0 2200217 45
001 0012070930
005 20031219104048.1
010    @a7-03-007224-3@dCNY10.00
100    @a20001207d1999 km y0chiy0120 ea
101 0  @achi
105    @a z 000yy
200 1  @a实用计量单位简编@AShi Yong Ji Liang Dan Wei Jian Bian@f鲍建成,赵燕编@FBao Jian Cheng,Zhao Yan Bian
210    @a北京@c科学出版社@d1999.8
215    @a78页@d32开
606 0  @a计量单位
606 0  @a单位制
690    @aTB91@v1
701  0 @a鲍建成@4编
701  0 @a赵燕@4编
801    @aCN@bTSTC@c20001207
905    @b293932-936@dTB91@e16@f5
    
    实用计量单位简编/鲍建成,赵燕编.-北京:科学出版社,1999.8
    78页;32开
    
    
    ISBN 7-03-007224-3:CNY10.00
    
●
相关链接 在E读中查询图书 在五车中查询图书 在当当中查询图书 在豆瓣中查询图书


正题名:实用计量单位简编     索取号:TB91/16         预约/预借

序号 登录号 条形码 馆藏地/架位号 状态 备注
1 0293932   002939324   第三借阅区/ [索取号:TB91/16] 在馆    
2 0293933   002939333   第三借阅区/ [索取号:TB91/16] 在馆    
3 0293934   002939342   第三借阅区/ [索取号:TB91/16] 在馆    
4 0293935   002939351   第三借阅区/ [索取号:TB91/16] 在馆    
5 0293936   002939360   第二样本阅览室/ [索取号:TB91/16] 在馆    
唐山师范学院图书馆 欢迎您!
大连网信软件有限公司© 版权所有